000
00252nam a2200109Ia 4500
008
190216s9999||||xx |||||||||||||| ||und||
100
_a
Taslan Dhaniya
245
0
_a
Indian Folk Arts And Crafts
260
_b
Nbt India
650
_a
History
942
_c
BK
999
_c
18945
_d
18945